02958cam a2200373 i 4500001001400000003000700014005001700021006001900038007000600057008004100063010001700104020001800121040003300139041000800172042000800180050002400188245005300212246007400265246003300339246003000372260005600402300004100458490003100499504005100530505102300581506004301604520076901647650003102416650002602447650003302473650003302506650002202539650002302561ssj0002157069WaSeSS20250618081252.0m d cr n190125s2019 maua sb 001 0 eng d a 2018061523 a9781633696877 aMH/DLCbengcMHdDLCdWaSeSS aeng apcc00aHD58.87b.H375 201900aHBR's 10 must reads on business model innovation aHarvard Business Review's ten must reads on business model innovation aOn business model innovation aBusiness model innovation aBoston, MA :bHarvard Business Review Press,c2019. a163 pages :billustrations ;c21 cm. aHBR's 10 must reads series aIncludes bibliographical references and index.0 aWhy business models matter / by Joan Magretta — Reinventing your business model / by Mark W. Johnson, Clayton M. Christensen, and Henning Kagermann — When your business model is in trouble: an interview with Rita Gunther McGrath / by Sarah Cliffe — Paths to business model innovation / by Karan Girotra and Serguei Netessine — The transformative business model / by Stelios Kavadias, Kostas Ladas, and Christoph Loch — Competing against free / by David J. Bryce, Jeffrey H. Dyer and Nile W. Hatch — Why the lean start-up changes everything / by Steve Blank — Finding the platform in your product / by Andrei Hagiu and Elizabeth J. Altman — Pipelines, platforms, and the new rules of strategy / by Marshall W. Van Alstyne, Geoffrey G. Parker, and Sangeet Paul Choudary — When one business model isn't enough / by Ramon Casadesus-Masanell and Jorge Tarziján — Reaching the rich world's poorest consumers / by Muhammad Yunus, Frédéric Dalsace, David Menascé, and Bénédicte Faivre-Tavignot. aLicense restrictions may limit access. aYour company needs a winning business model to thrive--and it may soon need to reinvent that business model to survive. If you read nothing else on business model innovation, read these 10 articles. We've combed through hundreds of Harvard Business Review articles and selected the most important ones to help you set up a model for success and stay ahead of your competitors. This book will inspire you to: Build a new business in an established organization Give your traditional offerings a shot in the arm Understand how a business model differs from a strategy Establish digital business models around traditional products Adopt the practices of lean start-ups Reimagine your core business as a platform Counter threats by revolutionizing your business model. 0aReengineering (Management) 0aOrganizational change 0aCreative ability in business 0aOrganizational effectiveness 0aBusiness planning 0aStrategic planning